| 000 | 00383nam a2200169Ia 4500 | ||
|---|---|---|---|
| 005 | 20250423100916.0 | ||
| 008 | 250422s9999 xx 000 0 und d | ||
| 020 | _a0582330947 | ||
| 050 | _aPR 5363 .A76/ | ||
| 100 | _aNickson, Richard | ||
| 245 | 0 | _aShaw's Arms and the man | |
| 260 | _aEngland | ||
| 260 | _bLongman Group | ||
| 260 | _c1984 | ||
| 300 | _a108 p | ||
| 942 | _cBK | ||
| 999 |
_c34708 _d34708 |
||